[Event "Northern California International"]
[Site "?"]
[Date "2012.01.03"]
[Round "2"]
[White "Sarkar, Justin"]
[Black "Friedel, Josh"]
[Result "0-1"]
[WhiteElo "2370"]
[BlackElo "2523"]
[PlyCount "60"]
[EventDate "2012.01.04"]
[SourceDate "2012.01.05"]

1. d4 Nf6 2. c4 e6 3. Nc3 Bb4 4. Qc2 O-O 5. a3 Bxc3+ 6. Qxc3 d6 7. g3 e5 8.
dxe5 dxe5 9. Bg2 Re8 10. Nf3 Nc6 11. Be3 a5 12. b3 Bg4 13. h3 Bxf3 14. Bxf3 Nd4
15. Bg2 c5 16. Ra2 Rb8 17. a4 h6 18. O-O Qb6 19. Rb1 Rbd8 20. Rd2 Rd7 21. g4 h5
22. g5 Nh7 23. Be4 Red8 24. Kh1 Nf8 25. f3 Ng6 26. Bg1 Qe6 27. Bh2 Qxh3 28.
Bxg6 fxg6 29. Rbd1 Nxe2 30. Rxd7 Rxd7 0-1

[Event "Northern California International"]
[Site "?"]
[Date "2012.01.03"]
[Round "2"]
[White "Sevian, Samuel"]
[Black "Young, Angelo"]
[Result "0-1"]
[WhiteElo "2185"]
[BlackElo "2325"]
[PlyCount "108"]
[EventDate "2012.01.04"]
[SourceDate "2012.01.05"]

1. e4 c5 2. Nf3 g6 3. Nc3 Bg7 4. d4 cxd4 5. Nxd4 Nc6 6. Be3 Nf6 7. Bc4 O-O 8.
Bb3 a5 9. O-O d6 10. h3 a4 11. Nxa4 Nxe4 12. Nb5 Ra6 13. c4 Bf5 14. Rc1 Na5 15.
Re1 Nxb3 16. axb3 Bd7 17. Bd4 Nf6 18. Nac3 Bc6 19. f4 Re8 20. Qc2 Bxb5 21. Nxb5
Rc6 22. Qf2 e6 23. Rcd1 Qb8 24. Ba7 Qd8 25. Bd4 h5 26. Bc3 d5 27. Bxf6 Bxf6 28.
cxd5 exd5 29. Rxe8+ Qxe8 30. Rxd5 Qe4 31. Rd1 Qb4 32. Qe2 Qxf4 33. Rf1 Rc1 34.
Rxc1 Qxc1+ 35. Kh2 Qxb2 36. Qxb2 Bxb2 37. Kg3 Be5+ 38. Kf3 f5 39. Na3 Kf7 40.
Nc4 Bc7 41. Ke3 Ke6 42. Nd2 g5 43. Nf3 g4 44. hxg4 fxg4 45. Nd4+ Ke5 46. Ne2
Bb6+ 47. Kd2 h4 48. Ke1 Bd4 49. Kf1 Bb2 50. Kg1 Ke4 51. Kf1 h3 52. g3 Kf3 53.
Ng1+ Kxg3 54. Ne2+ Kf3 0-1

[Event "Northern California International"]
[Site "?"]
[Date "2012.01.03"]
[Round "2"]
[White "Sevillano, Enrico"]
[Black "Aleskerov, Faik"]
[Result "1-0"]
[WhiteElo "2490"]
[BlackElo "2362"]
[PlyCount "63"]
[EventDate "2012.01.04"]
[SourceDate "2012.01.05"]

1. e4 c6 2. c4 e5 3. Nf3 d6 4. Nc3 Bg4 5. h3 Bxf3 6. Qxf3 Nd7 7. Qd1 Qf6 8. d3
g6 9. b4 Bg7 10. h4 Qd8 11. h5 Nf8 12. g3 Ne6 13. Bh3 Nd4 14. Ne2 Nxe2 15. Qxe2
a5 16. bxa5 Qxa5+ 17. Bd2 Qc7 18. O-O Bh6 19. Bxh6 Nxh6 20. Qe3 Ng8 21. f4 Nf6
22. fxe5 Nxh5 23. e6 Rf8 24. Qh6 d5 25. exd5 f5 26. Rf3 cxd5 27. cxd5 Qc5+ 28.
Qe3 Qxd5 29. Bg2 Rf6 30. Re1 Rd8 31. Rf2 Qd4 32. e7 1-0

[Event "Northern California International"]
[Site "?"]
[Date "2012.01.03"]
[Round "2"]
[White "Shahade, Greg"]
[Black "Rodriguez, Eric"]
[Result "1-0"]
[WhiteElo "2463"]
[BlackElo "2352"]
[PlyCount "35"]
[EventDate "2012.01.04"]
[SourceDate "2012.01.05"]

1. c4 e5 2. g3 Nc6 3. Bg2 f5 4. Nc3 Nf6 5. e3 d5 6. cxd5 Nb4 7. d3 Nfxd5 8.
Nxd5 Nxd5 9. Nf3 Bd6 10. O-O c6 11. e4 fxe4 12. Nxe5 Nf6 13. Nc4 exd3 14. Qxd3
Be7 15. Qb3 Be6 16. Qxb7 Bd5 17. Bxd5 cxd5 18. Ne5 1-0

[Event "Northern California International"]
[Site "?"]
[Date "2012.01.03"]
[Round "2"]
[White "Shankland, Sam"]
[Black "Bryant, John"]
[Result "1-0"]
[WhiteElo "2565"]
[BlackElo "2401"]
[PlyCount "79"]
[EventDate "2012.01.04"]
[SourceDate "2012.01.05"]

1. d4 Nf6 2. c4 c5 3. d5 e6 4. Nc3 exd5 5. cxd5 d6 6. Nf3 g6 7. Bf4 a6 8. a4
Bg7 9. h3 O-O 10. e3 Qe7 11. Be2 Nbd7 12. O-O Ne8 13. Qb3 Nc7 14. Nd2 Ne5 15.
a5 f5 16. Bh2 Kh8 17. Rfe1 Rb8 18. Bf1 Bd7 19. Kh1 Qd8 20. f4 Nf7 21. e4 fxe4
22. Ndxe4 b6 23. axb6 Nb5 24. Na4 Nd4 25. Qd1 Bxa4 26. Rxa4 Rxb6 27. Bg1 Nf5
28. g4 Ne7 29. b4 Rxb4 30. Rxb4 cxb4 31. Bd4 Rg8 32. Bxa6 Qa8 33. Bc4 Rc8 34.
Bxg7+ Kxg7 35. Qd4+ Kf8 36. Nf6 Qa3 37. Nxh7+ Ke8 38. Bb5+ Kd8 39. Ng5 Nxg5 40.
Qb6+ 1-0

[Event "Northern California International"]
[Site "?"]
[Date "2012.01.03"]
[Round "2"]
[White "Smith, Bryan"]
[Black "Kavutskiy, Konstantin"]
[Result "1-0"]
[WhiteElo "2460"]
[BlackElo "2315"]
[PlyCount "55"]
[EventDate "2012.01.04"]
[SourceDate "2012.01.05"]

1. e4 e6 2. d4 d5 3. Nc3 Nf6 4. e5 Nfd7 5. f4 c5 6. Nf3 Nc6 7. Be3 a6 8. Qd2 b5
9. Be2 Qb6 10. Nd1 b4 11. c3 a5 12. O-O Ba6 13. Bf2 Bxe2 14. Qxe2 Be7 15. f5
O-O 16. Ne3 Rab8 17. Rac1 bxc3 18. bxc3 cxd4 19. cxd4 Rfc8 20. Ng4 Qd8 21. fxe6
fxe6 22. Nf6+ Bxf6 23. exf6 Qxf6 24. Qa6 e5 25. dxe5 Qh6 26. e6 Qxe6 27. Nd4
Nc5 28. Qxc6 1-0

[Event "Northern California International"]
[Site "?"]
[Date "2012.01.03"]
[Round "2"]
[White "Studen, Damir"]
[Black "Liu, Daniel"]
[Result "1-0"]
[WhiteElo "2248"]
[BlackElo "2049"]
[PlyCount "103"]
[EventDate "2012.01.04"]
[SourceDate "2012.01.05"]

1. d4 Nf6 2. c4 g6 3. Nc3 d5 4. cxd5 Nxd5 5. Nf3 Bg7 6. g3 O-O 7. Bg2 c5 8. e3
cxd4 9. exd4 Nc6 10. O-O Be6 11. Re1 Rc8 12. Ng5 Nxc3 13. bxc3 Bd5 14. Nf3 e6
15. Bd2 Na5 16. Ne5 Bxg2 17. Kxg2 Nc4 18. Nxc4 Rxc4 19. Qf3 Qd7 20. Red1 Qc6
21. Qxc6 Rxc6 22. Rab1 b6 23. f4 Rfc8 24. Rb3 h5 25. a4 Bf8 26. Ra1 Rb8 27. h3
Bd6 28. a5 b5 29. a6 h4 30. Be3 hxg3 31. Kxg3 Rbb6 32. Kf3 Rxa6 33. Rxa6 Rxa6
34. Rxb5 Rc6 35. Bd2 Kf8 36. Ke4 f5+ 37. Kd3 Ke7 38. c4 Rb6 39. Ra5 Rb7 40. c5
Bb8 41. Ra6 Rc7 42. Ra1 Rb7 43. Kc3 Kd8 44. Rg1 Rg7 45. Kc4 Kd7 46. h4 Rh7 47.
Rxg6 Rxh4 48. d5 exd5+ 49. Kxd5 Bxf4 50. c6+ Kd8 51. Rg8+ Ke7 52. Bxf4 1-0

[Event "Northern California International"]
[Site "?"]
[Date "2012.01.03"]
[Round "2"]
[White "Vasudeva, Tanuj"]
[Black "Evans, Bela"]
[Result "0-1"]
[WhiteElo "2100"]
[BlackElo "2262"]
[PlyCount "108"]
[EventDate "2012.01.04"]
[SourceDate "2012.01.05"]

1. e4 e6 2. d4 d5 3. Nc3 Be7 4. e5 b6 5. Qg4 g6 6. h4 h5 7. Qg3 Nc6 8. Be3 Qd7
9. Nh3 Bb7 10. O-O-O O-O-O 11. Bg5 Nh6 12. Qf4 Bxg5 13. hxg5 Nf5 14. Bb5 Qe7
15. Bxc6 Bxc6 16. g3 Bd7 17. Ng1 c5 18. Nf3 Kb7 19. Rd2 Rc8 20. Nb1 Bb5 21. Re1
Rc7 22. c3 Bc4 23. a3 Rhc8 24. Nh4 cxd4 25. Nxf5 gxf5 26. Rxd4 Rg8 27. Nd2 Qxg5
28. Kd1 Qg4+ 29. Nf3 Bb3+ 30. Ke2 Rc4 31. Rh1 Rxd4 32. Qxd4 Qg6 33. Qf4 Bc4+
34. Ke3 a5 35. Ne1 Qg4 36. Qxg4 Rxg4 37. Rh4 f4+ 38. Kf3 fxg3 39. Rxg4 gxf2 40.
Kxf2 hxg4 41. Kg3 Be2 42. Nc2 Kc7 43. Nd4 Bd1 44. Nb5+ Kd7 45. Nd4 Ke7 46. Nc6+
Ke8 47. Kf4 Kd7 48. Nd4 a4 49. Kg3 Ke8 50. Nc6 f6 51. exf6 Kf7 52. Ne5+ Kxf6
53. Nxg4+ Bxg4 54. Kxg4 e5 0-1

[Event "Northern California International"]
[Site "?"]
[Date "2012.01.03"]
[Round "3"]
[White "Aleskerov, Faik"]
[Black "Studen, Damir"]
[Result "1-0"]
[WhiteElo "2362"]
[BlackElo "2248"]
[PlyCount "65"]
[EventDate "2012.01.04"]
[SourceDate "2012.01.05"]

1. e4 d5 2. exd5 Qxd5 3. Nc3 Qa5 4. g3 Nf6 5. Bg2 c6 6. Nf3 Bf5 7. O-O e6 8. a3
Be7 9. Rb1 O-O 10. b4 Qc7 11. Bb2 Nbd7 12. d3 Nb6 13. Re1 a5 14. b5 Nfd5 15.
Nd4 Bg6 16. bxc6 bxc6 17. Qg4 Nxc3 18. Bxc3 h5 19. Nxe6 Qa7 20. Qd4 Bf6 21.
Qxb6 Qxb6 22. Rxb6 Bxc3 23. Nxf8 Bxe1 24. Nxg6 fxg6 25. Kf1 Bd2 26. Bxc6 Rc8
27. Ra6 Kf8 28. c4 Bc3 29. Ke2 Ke7 30. Ke3 Rf8 31. d4 Rf6 32. Ra7+ Kd6 33. Be4
1-0

[Event "Northern California International"]
[Site "?"]
[Date "2012.01.03"]
[Round "3"]
[White "Bachmann, Axel"]
[Black "Smith, Bryan"]
[Result "1-0"]
[WhiteElo "2560"]
[BlackElo "2460"]
[PlyCount "93"]
[EventDate "2012.01.04"]
[SourceDate "2012.01.05"]

1. Nf3 c5 2. e4 d6 3. c3 Nf6 4. Bd3 Nc6 5. Bc2 Bg4 6. h3 Bh5 7. d3 d5 8. Nbd2
e6 9. g4 Bg6 10. Nh4 Bd6 11. Qe2 Qc7 12. Ba4 dxe4 13. Nxe4 Nxe4 14. dxe4 O-O-O
15. O-O Be7 16. g5 f6 17. Nxg6 hxg6 18. Bb3 fxg5 19. Bxe6+ Kb8 20. f4 gxf4 21.
Bxf4 Bd6 22. Qh2 Bxf4 23. Qxf4 Ne5 24. Rad1 Rde8 25. Bg4 Rh4 26. Rd5 g5 27. Qf8
Rh8 28. Qxc5 Qxc5+ 29. Rxc5 Nxg4 30. hxg4 Rxe4 31. Rxg5 Re2 32. Rxg7 Rxb2 33.
g5 a6 34. Rf2 Rb5 35. g6 Rhh5 36. a4 Rhg5+ 37. Rg2 Rxg2+ 38. Kxg2 Rg5+ 39. Kf3
a5 40. Kf4 Rg1 41. Kf5 Rf1+ 42. Ke6 Re1+ 43. Kd6 Rg1 44. c4 Rg4 45. c5 Rg1 46.
c6 Rd1+ 47. Ke5 1-0

[Event "Northern California International"]
[Site "?"]
[Date "2012.01.03"]
[Round "3"]
[White "Evans, Bela"]
[Black "Pruess, David"]
[Result "0-1"]
[WhiteElo "2262"]
[BlackElo "2395"]
[PlyCount "146"]
[SourceDate "2012.01.05"]

1. f4 g6 2. Nf3 Bg7 3. d3 d5 4. g3 c6 5. Bg2 Bg4 6. Nc3 Nd7 7. h3 Bxf3 8. Bxf3
e5 9. O-O Qc7 10. e4 dxe4 11. dxe4 h5 12. f5 O-O-O 13. fxg6 fxg6 14. Qe1 Bh6
15. Qf2 Qb6 16. Qxb6 axb6 17. Bxh6 Nxh6 18. Rad1 Nc5 19. Bg2 b5 20. a3 Rxd1 21.
Rxd1 Rd8 22. Rxd8+ Kxd8 23. Kf2 Ne6 24. Nd1 Nf7 25. Ke3 Nd4 26. c3 Nb3 27. Bf1
Nd6 28. Bd3 Ke7 29. Bc2 Nc4+ 30. Ke2 Nc5 31. Bd3 Kf6 32. h4 Ke6 33. a4 Nb3 34.
Bxc4+ bxc4 35. Ne3 b5 36. axb5 cxb5 37. Nd1 Nc5 38. Ke3 Kd6 39. Nf2 Na4 40. Nd1
Kc6 41. Kf3 Nc5 42. Nf2 Kb6 43. Ke3 Ka6 44. Kd2 Ka5 45. Kc1 Ka4 46. Kc2 Nd3 47.
Nd1 Ne1+ 48. Kd2 Nf3+ 49. Kc2 Ka5 50. Nf2 Ng1 51. Kd2 Ka4 52. Kc2 Ne2 53. Nh1
b4 54. Kd2 Ng1 55. Kc2 Nf3 56. Nf2 g5 57. hxg5 Nxg5 58. Kc1 bxc3 59. bxc3 Kb3
60. Kd2 Kb2 61. Nd1+ Ka3 62. Kc2 Nxe4 63. Ne3 Nd6 64. g4 h4 65. g5 h3 66. Ng4
e4 67. g6 Nf5 68. Nh2 Ka2 69. Ng4 Ne3+ 70. Nxe3 h2 71. g7 h1=Q 72. g8=Q Qb1+
73. Kd2 Qd3+ 0-1

[Event "Northern California International"]
[Site "?"]
[Date "2012.01.03"]
[Round "3"]
[White "Haessel, Dale"]
[Black "Gaffagan, Steven"]
[Result "1-0"]
[WhiteElo "2190"]
[BlackElo "2071"]
[PlyCount "95"]
[EventDate "2012.01.04"]
[SourceDate "2012.01.05"]

1. d4 Nf6 2. c4 e6 3. Nc3 Bb4 4. Qc2 b6 5. a3 Bxc3+ 6. Qxc3 Bb7 7. Nf3 O-O 8.
e3 d6 9. Be2 Nbd7 10. O-O Ne4 11. Qc2 f5 12. b4 Rf6 13. Bb2 Rh6 14. d5 e5 15.
Bd3 Ndf6 16. Ne1 Ng4 17. h3 Qg5 18. Bxe4 fxe4 19. Qxe4 Nf6 20. Qf3 Rf8 21. Qg3
Qf5 22. f3 Rg6 23. Qh4 Bc8 24. e4 Qxh3 25. Qxh3 Bxh3 26. Kh2 Bd7 27. Nd3 Rh6+
28. Kg1 g5 29. Rae1 Rg6 30. Rf2 Re8 31. Re3 Nh5 32. c5 Bb5 33. Rc2 bxc5 34.
bxc5 g4 35. cxd6 cxd6 36. Ne1 Nf4 37. fxg4 Rb8 38. Rb3 Rb6 39. Rc8+ Kg7 40.
Rc7+ Kh6 41. Rxa7 Ra6 42. Rf7 Be8 43. Re7 Rg8 44. Bc1 Kg6 45. Kh2 Kf6 46. Rbb7
h5 47. Bxf4 exf4 48. Nf3 1-0

[Event "Northern California International"]
[Site "?"]
[Date "2012.01.03"]
[Round "3"]
[White "Helfst, Matt"]
[Black "Vasudeva, Tanuj"]
[Result "1-0"]
[WhiteElo "1943"]
[BlackElo "2100"]
[PlyCount "65"]
[EventDate "2012.01.04"]
[SourceDate "2012.01.05"]

1. Nf3 g6 2. g3 Bg7 3. Bg2 Nf6 4. O-O O-O 5. c4 d6 6. Nc3 e5 7. d4 Nbd7 8. e4
Re8 9. Re1 a6 10. h3 Rb8 11. a4 exd4 12. Nxd4 Nc5 13. b4 Ne6 14. Nde2 c5 15. b5
Nd4 16. Rb1 Be6 17. Nxd4 cxd4 18. Nd5 Rc8 19. Bf1 axb5 20. Rxb5 Bxd5 21. exd5
Qd7 22. Rxe8+ Rxe8 23. Qxd4 Ne4 24. Qa7 Qf5 25. Rxb7 Nc5 26. Rb8 Qe4 27. Be3
Nd7 28. Bg2 Qe5 29. Rb7 Qa1+ 30. Kh2 Ne5 31. Rb8 Rf8 32. c5 Qa3 33. c6 1-0

[Event "Northern California International"]
[Site "?"]
[Date "2012.01.03"]
[Round "3"]
[White "Hunt, Adam"]
[Black "Shankland, Sam"]
[Result "1/2-1/2"]
[WhiteElo "2462"]
[BlackElo "2565"]
[PlyCount "38"]
[EventDate "2012.01.04"]
[SourceDate "2012.01.05"]

1. e4 c5 2. Nf3 d6 3. d4 cxd4 4. Nxd4 Nf6 5. Nc3 a6 6. Bg5 Nbd7 7. Bc4 Qb6 8.
Bb3 e6 9. Qd2 Be7 10. O-O-O Nc5 11. Rhe1 O-O 12. Kb1 Qc7 13. f4 h6 14. Bxf6
Bxf6 15. Nf3 b5 16. Qxd6 Qxd6 17. Rxd6 Bb7 18. e5 Be7 19. Rd2 Bxf3 1/2-1/2

[Event "Northern California International"]
[Site "?"]
[Date "2012.01.03"]
[Round "3"]
[White "Iyengar, Udit"]
[Black "Jayakumar, Adarsh"]
[Result "0-1"]
[WhiteElo "1991"]
[BlackElo "2197"]
[PlyCount "74"]
[EventDate "2012.01.04"]
[SourceDate "2012.01.05"]

1. d4 d5 2. c4 c6 3. Nf3 Nf6 4. e3 e6 5. Nbd2 Nbd7 6. Bd3 Bd6 7. O-O O-O 8. b3
e5 9. cxd5 cxd5 10. dxe5 Nxe5 11. Be2 Qe7 12. Bb2 Ng6 13. Re1 Bf5 14. Nd4 Bd7
15. N2f3 Rac8 16. Bd3 Ne4 17. Qe2 Ne5 18. Nxe5 Qxe5 19. f4 Qe7 20. Qh5 Bb4 21.
Re2 g6 22. Qxd5 Nc3 23. Bxc3 Bxc3 24. Rf1 Bg4 25. Nf3 Rfd8 26. Qe4 Qd7 27. Bb1
Qb5 28. Ref2 Re8 29. Qd3 Qc5 30. e4 Bxf3 31. Qxf3 Bd4 32. h3 Red8 33. f5 Bxf2+
34. Rxf2 Qc3 35. Qg4 Qe3 36. fxg6 hxg6 37. Qh4 Rd2 0-1

[Event "Northern California International"]
[Site "?"]
[Date "2012.01.03"]
[Round "3"]
[White "Kavutskiy, Konstantin"]
[Black "Remlinger, Larry"]
[Result "1/2-1/2"]
[WhiteElo "2315"]
[BlackElo "2402"]
[PlyCount "41"]
[EventDate "2012.01.04"]
[SourceDate "2012.01.05"]

1. d4 d6 2. Nf3 Nf6 3. c4 g6 4. Nc3 Bg7 5. Bg5 O-O 6. e3 h6 7. Bh4 c5 8. Be2 g5
9. Bg3 Nh5 10. Qc2 f5 11. O-O-O cxd4 12. Nxd4 Nxg3 13. hxg3 Nc6 14. c5 Nxd4 15.
exd4 Be6 16. Bf3 Qd7 17. Rhe1 Bf7 18. Qa4 Qc7 19. Nb5 Qd7 20. Nc3 Qc7 21. Nb5
1/2-1/2

[Event "Northern California International"]
[Site "?"]
[Date "2012.01.03"]
[Round "3"]
[White "Lee, Andy"]
[Black "Rabin, Evan"]
[Result "0-1"]
[WhiteElo "2256"]
[BlackElo "2035"]
[PlyCount "102"]
[EventDate "2012.01.04"]
[SourceDate "2012.01.05"]

1. e4 Nf6 2. e5 Nd5 3. d4 d6 4. c4 Nb6 5. exd6 cxd6 6. h3 g6 7. Nf3 Bg7 8. Be2
O-O 9. O-O Bf5 10. Nc3 Nc6 11. Re1 d5 12. c5 Nc4 13. b3 N4a5 14. Bg5 Be4 15.
Rc1 Qd7 16. Bb5 Bxf3 17. Qxf3 e6 18. Bf6 Qc7 19. Red1 Ne7 20. g4 Nac6 21. h4
Nf5 22. Bxg7 Nxg7 23. Kg2 h5 24. Qg3 Qxg3+ 25. Kxg3 hxg4 26. Kxg4 Nf5 27. Bxc6
bxc6 28. Rd3 Kg7 29. Ne2 Rh8 30. Rh3 Raf8 31. f4 f6 32. h5 gxh5+ 33. Kf3 h4 34.
b4 Rb8 35. Rb1 a6 36. Kf2 Kf7 37. Ra3 Ra8 38. Rbb3 Rhg8 39. Ra5 Rg4 40. b5 cxb5
41. Rbxb5 h3 42. Rb7+ Kg6 43. Rb1 Rg2+ 44. Kf3 Kh5 45. c6 Rag8 46. c7 Nxd4+ 47.
Ke3 Nxe2 48. Rb8 R8g3+ 49. Kd2 Nxf4+ 50. Kd1 Rd3+ 51. Kc1 Rc3+ 0-1

[Event "Northern California International"]
[Site "?"]
[Date "2012.01.03"]
[Round "3"]
[White "Liou, Yian"]
[Black "Sevian, Samuel"]
[Result "0-1"]
[WhiteElo "2283"]
[BlackElo "2185"]
[PlyCount "142"]
[SourceDate "2012.01.05"]

1. e4 e5 2. Nf3 Nc6 3. Bb5 a6 4. Ba4 Nf6 5. O-O Be7 6. Re1 b5 7. Bb3 O-O 8. a4
b4 9. d4 d6 10. c3 bxc3 11. bxc3 Rb8 12. Nbd2 h6 13. h3 Re8 14. Ba3 Bf8 15. Rb1
Bd7 16. Bc4 Rxb1 17. Qxb1 Qc8 18. Qa2 Nd8 19. a5 c5 20. Qb3 exd4 21. cxd4 cxd4
22. Bb2 Be6 23. Bxe6 Nxe6 24. Nxd4 Nc5 25. Qc2 Qd8 26. Nf5 g6 27. Ng3 Bg7 28.
Rd1 Qxa5 29. Nc4 Qa4 30. Qxa4 Nxa4 31. Bxf6 Bxf6 32. Rxd6 Re6 33. Rd5 Nc3 34.
Ra5 Bd4 35. Kf1 Rc6 36. Nd2 Ba7 37. e5 Nb5 38. Nge4 Rc1+ 39. Ke2 Nd4+ 40. Kd3
Nc6 41. Ra4 Nxe5+ 42. Ke2 Rc6 43. g4 g5 44. Ng3 Ng6 45. Nh5 Re6+ 46. Kf1 Ne5
47. Ne4 Kf8 48. Nhf6 Ke7 49. Nd5+ Kd8 50. Nb4 Nf3 51. Ke2 Rxe4+ 52. Kxf3 Rf4+
53. Kg2 Bb6 54. Nc6+ Kc7 55. Rxf4 gxf4 56. Ne5 a5 57. Kf3 a4 58. Nd3 a3 59. Nb4
Kd6 60. Kxf4 Kc5 61. Nc2 a2 62. Ke3 Kc4+ 63. Kd2 Ba5+ 64. Kd1 Kc3 65. h4 Bc7
66. Kc1 Bf4+ 67. Kd1 f6 68. Na1 Kb2 69. Nc2 Bc7 70. Kd2 Be5 71. Kd1 Bf4 0-1

[Event "Northern California International"]
[Site "?"]
[Date "2012.01.03"]
[Round "3"]
[White "Lobo, Richard"]
[Black "Ishkhanov, Tigran"]
[Result "0-1"]
[WhiteElo "2251"]
[BlackElo "2350"]
[PlyCount "76"]
[EventDate "2012.01.04"]
[SourceDate "2012.01.05"]

1. d4 e6 2. c4 d5 3. Nf3 Nf6 4. Nc3 Be7 5. Bg5 h6 6. Bh4 O-O 7. e3 b6 8. Be2
dxc4 9. O-O Bb7 10. Qa4 Nbd7 11. Rfd1 Nd5 12. Bxe7 Qxe7 13. Qxc4 c5 14. Nxd5
Bxd5 15. Qc2 cxd4 16. Rxd4 Rac8 17. Qd1 Nf6 18. Qa4 Rc5 19. a3 Rfc8 20. Rad1 e5
21. R4d2 Qe6 22. Qh4 Rc1 23. h3 a5 24. Rxc1 Rxc1+ 25. Kh2 g5 26. Nxg5 hxg5 27.
Qxg5+ Kf8 28. f3 Rc8 29. e4 Bc4 30. Bxc4 Rxc4 31. Qh6+ Ke7 32. Qh8 Rc8 33. Qh4
a4 34. g4 Rg8 35. g5 Nd7 36. g6+ Nf6 37. gxf7 Kxf7 38. Qf2 Nh5 0-1

[Event "Northern California International"]
[Site "?"]
[Date "2012.01.03"]
[Round "3"]
[White "Sevillano, Enrico"]
[Black "Shulman, Yury"]
[Result "1/2-1/2"]
[WhiteElo "2490"]
[BlackElo "2598"]
[PlyCount "32"]
[SourceDate "2012.01.05"]

1. e4 e6 2. d4 d5 3. Nc3 Bb4 4. Nge2 dxe4 5. a3 Bxc3+ 6. Nxc3 Nc6 7. d5 exd5 8.
Qxd5 Nge7 9. Qxd8+ Nxd8 10. Nxe4 Bf5 11. Bd3 Ne6 12. Bd2 O-O-O 13. O-O-O Rhe8
14. Rhe1 Bg6 15. Bb5 c6 16. Bc4 Nd5 1/2-1/2

[Event "Northern California International"]
[Site "?"]
[Date "2012.01.03"]
[Round "3"]
[White "Shivaji, Shivkumar"]
[Black "Gurevich, Daniel"]
[Result "1-0"]
[WhiteElo "2295"]
[BlackElo "2192"]
[PlyCount "117"]
[EventDate "2012.01.04"]
[SourceDate "2012.01.05"]

1. Nf3 Nf6 2. c4 g6 3. b4 Bg7 4. Bb2 d6 5. g3 O-O 6. Bg2 e5 7. O-O Nbd7 8. d3
c6 9. Nbd2 Re8 10. Qb3 a5 11. a3 d5 12. cxd5 a4 13. Qc2 Nxd5 14. Rfd1 N7b6 15.
Nc4 Nd7 16. Nd6 Re6 17. Nxc8 Qxc8 18. Rac1 Qd8 19. e4 N5b6 20. d4 exd4 21. Nxd4
Re8 22. f4 Qe7 23. e5 Rac8 24. Qf2 c5 25. bxc5 Rxc5 26. Rxc5 Qxc5 27. Bxb7 Nc4
28. Rc1 Rb8 29. Qe2 Rxb7 30. Rxc4 Qd5 31. Rxa4 Nc5 32. Rb4 Rxb4 33. axb4 Na4
34. Ba1 Bf8 35. Qc2 Nb6 36. Qd2 Nc4 37. Qc3 Qe4 38. Qxc4 Qb1+ 39. Qf1 Qxb4 40.
Kg2 Bc5 41. Qd1 Qb7+ 42. Nf3 Qa6 43. Bc3 h6 44. Qc2 Qb7 45. Bd2 Qd5 46. Be1 Kh7
47. Bf2 Bf8 48. Be3 Qd7 49. h3 h5 50. Kh2 Qd5 51. Ng5+ Kg7 52. Ne4 Be7 53. Nf6
Qf3 54. Qf2 Qd1 55. Bd4 Bb4 56. e6 Be1 57. Qb2 Qd3 58. Ne4+ Kh7 59. Ng5+ 1-0

[Event "Northern California International"]
[Site "?"]
[Date "2012.01.03"]
[Round "3"]
[White "Troff, Kayden"]
[Black "Sarkar, Justin"]
[Result "1-0"]
[WhiteElo "2257"]
[BlackElo "2370"]
[PlyCount "77"]
[EventDate "2012.01.04"]
[SourceDate "2012.01.05"]

1. d4 Nf6 2. c4 e6 3. Nf3 d5 4. g3 dxc4 5. Bg2 c6 6. Ne5 Bb4+ 7. Nc3 Nd5 8. Bd2
Bxc3 9. bxc3 b5 10. a4 f6 11. e4 Ne7 12. Ng4 O-O 13. Ne3 e5 14. d5 Bb7 15. axb5
cxd5 16. exd5 Nxd5 17. O-O Nxe3 18. Bxe3 Bxg2 19. Kxg2 Nd7 20. Qd5+ Rf7 21.
Rxa7 Rxa7 22. Bxa7 Qa5 23. Be3 Qxc3 24. Rc1 Qd3 25. Qxc4 Qxc4 26. Rxc4 f5 27.
b6 f4 28. gxf4 exf4 29. Bd4 Nxb6 30. Bxb6 g5 31. Kf3 h5 32. Rc5 g4+ 33. Ke4 Rg7
34. Rc8+ Kh7 35. Rc7 g3 36. fxg3 fxg3 37. hxg3 h4 38. Rxg7+ Kxg7 39. gxh4 1-0

[Event "Northern California International"]
[Site "?"]
[Date "2012.01.03"]
[Round "3"]
[White "de Guzman, Ricardo"]
[Black "Santarius, Erik"]
[Result "1-0"]
[WhiteElo "2393"]
[BlackElo "2276"]
[PlyCount "49"]
[EventDate "2012.01.04"]
[SourceDate "2012.01.05"]

1. d4 Nf6 2. Nf3 e6 3. Bg5 d5 4. Nbd2 c5 5. e3 Nc6 6. c3 cxd4 7. exd4 Bd6 8.
Bd3 Qc7 9. O-O h6 10. Bh4 Nh5 11. Re1 Nf4 12. Bf1 g5 13. Bg3 Bd7 14. Rc1 O-O-O
15. c4 dxc4 16. Nxc4 Kb8 17. a3 Be8 18. b4 Qd7 19. Qb3 Ne7 20. Nfe5 Bxe5 21.
dxe5 Nfd5 22. Nd6 Nc6 23. Red1 Nf4 24. b5 Nxe5 25. Nc4 1-0

[Event "Northern California International"]
[Site "?"]
[Date "2012.01.04"]
[Round "4"]
[White "Arnold, Marc"]
[Black "de Guzman, Ricardo"]
[Result "1-0"]
[WhiteElo "2482"]
[BlackElo "2393"]
[PlyCount "75"]
[SourceDate "2012.01.05"]

1. d4 Nf6 2. Nf3 e6 3. c4 Bb4+ 4. Nbd2 b6 5. a3 Bxd2+ 6. Qxd2 Bb7 7. e3 d6 8.
Be2 Nbd7 9. O-O O-O 10. b3 Ne4 11. Qd3 f5 12. Bb2 Qf6 13. Nd2 Rae8 14. f3 Nxd2
15. Qxd2 Qh4 16. Qe1 Qh6 17. Qf2 g5 18. Qg3 Qg6 19. Rac1 Rf7 20. b4 Nf6 21. c5
Rd8 22. c6 Bc8 23. Bd3 Rg7 24. Rce1 Re8 25. Re2 Qf7 26. Qe1 e5 27. dxe5 dxe5
28. Qa1 Rg6 29. Bxe5 Qd5 30. Bd4 Qxc6 31. g4 Rh6 32. gxf5 g4 33. Rg2 Kf8 34. e4
gxf3 35. Rxf3 Bb7 36. Rfg3 Ke7 37. Rc2 Qd6 38. Be5 1-0

[Event "Northern California International"]
[Site "?"]
[Date "2012.01.04"]
[Round "4"]
[White "Betaneli, Alex"]
[Black "Cornejo, Max"]
[Result "1/2-1/2"]
[WhiteElo "2266"]
[BlackElo "2411"]
[PlyCount "151"]
[SourceDate "2012.01.05"]

1. d4 d5 2. c4 e6 3. Nf3 c6 4. Qb3 dxc4 5. Qxc4 b5 6. Qc2 Bb7 7. Bf4 Nd7 8. e3
a6 9. Bd3 Ngf6 10. O-O c5 11. Qe2 cxd4 12. exd4 Nd5 13. Bg3 Nb4 14. Be4 Bxe4
15. Qxe4 Nf6 16. Qe2 Be7 17. a4 bxa4 18. Nc3 O-O 19. Rxa4 Nfd5 20. Ne5 Rc8 21.
Qd2 Nb6 22. Raa1 f6 23. Nf3 Qd7 24. Rfe1 Rfe8 25. h4 Bf8 26. Qe2 N6d5 27. Rac1
Rc6 28. Ne4 Rec8 29. Rxc6 Qxc6 30. Nc3 Re8 31. Qd2 Kf7 32. Ne4 Qc2 33. Qxc2
Nxc2 34. Re2 Ncb4 35. Bd6 Rd8 36. Bxf8 Rxf8 37. g3 Rd8 38. Nc5 Nc7 39. b3 Rd5
40. Rd2 Nb5 41. Kf1 e5 42. Na4 exd4 43. Nb2 Rd7 44. Ne1 Rc7 45. Nc4 Rc6 46. Nf3
d3 47. Ne1 Nd4 48. Nxd3 Nxb3 49. Rb2 Nxd3 50. Rxb3 Rxc4 51. Rxd3 Rc7 52. Ra3
Ra7 53. Ra5 Ke6 54. g4 Kd6 55. Ke2 Kc6 56. Kd3 Kb6 57. Ra2 a5 58. Ra4 Kb5 59.
Rd4 Rc7 60. Rd8 a4 61. Ra8 Kb4 62. Rb8+ Ka3 63. f4 Ka2 64. f5 h6 65. h5 a3 66.
Rb4 Ka1 67. Kd2 a2 68. Kd1 Rc3 69. Kd2 Ra3 70. Kc2 Rg3 71. Kc1 Rg2 72. Rc4 Rb2
73. Ra4 Rb7 74. Rc4 Rb8 75. Kc2 Rb5 76. Kc1 1/2-1/2

[Event "Northern California International"]
[Site "?"]
[Date "2012.01.04"]
[Round "4"]
[White "Byambaa, Uyanga"]
[Black "Lobo, Richard"]
[Result "1-0"]
[WhiteElo "2118"]
[BlackElo "2251"]
[PlyCount "65"]
[SourceDate "2012.01.05"]

1. e4 e6 2. Nf3 d5 3. Nc3 Nf6 4. e5 Nfd7 5. d4 c5 6. dxc5 Nc6 7. Bf4 Nxc5 8.
Bd3 Be7 9. O-O a6 10. a3 O-O 11. Re1 f6 12. Qd2 f5 13. Rad1 Ne4 14. Qc1 Nxc3
15. bxc3 Qa5 16. c4 d4 17. Bg5 Bxa3 18. Qf4 Bc5 19. g4 Qc7 20. gxf5 exf5 21.
Kh1 Be6 22. Rg1 Kh8 23. Rg3 Qf7 24. Rh3 Qe8 25. Bf6 Qd7 26. Ng5 Bg8 27. Bxf5
gxf6 28. Bxd7 fxg5 29. Qxg5 Be7 30. Qh5 Rf7 31. Rg1 Raf8 32. Be6 Nd8 33. Rxg8+
1-0